000 00555nam a2200193Ia 4500
005 20250326141235.0
008 250326s9999 xx 000 0 und d
020 _a0-19-563442-X
037 _aTextbook
040 _aFMSL
_beng
_cFMSL
041 _aeng
_2eng
084 _aX8(A).44 N4
_qFMSL
100 _aNayyar D
_9741294
245 0 _aIndustrial growth and stagnation:the debate in India.
_cNayyar D
260 _aBombay
_bBombay, Oxford university
_c1994
300 _a354p
942 _cTB
_hX8(A).44 N4
999 _c1289383
_d1289383